| 000 | 01837nam a2200409 a 4500 | ||
|---|---|---|---|
| 001 | 31217 | ||
| 003 | BD-RjUL | ||
| 005 | 20211209051656.0 | ||
| 008 | 140413s1950 enk 001 0 eng d | ||
| 035 | _a(BD-RjUL)31304 | ||
| 040 |
_aUkOxU _beng _c UkOxU _dBD-RjUL |
||
| 041 | 1 |
_aeng _hger |
|
| 082 |
_a270 _bPAH V-36 1950 |
||
| 100 | 1 |
_aPastor, Ludwig, _d1854-1928. _994957 |
|
| 245 | 1 | 4 |
_aThe history of the popes, from the close of the Middle Ages : _bdrawn from the secret archives of the Vatican and other original sources. _nVolume XXXVI / _cfrom the German of Ludwig Pastor ; edited by E. F. Peeler. _pBenedict XIV.; Clement XII |
| 246 | 1 | 5 | _aHistory of the popes. |
| 246 | 3 | _aHistory of the popes, from the close of the Middle Ages. | |
| 260 |
_aLondon : _bKegan Paul, Trench, Trübner & Co., _c1950. |
||
| 300 |
_axii, 513 p. ; _c23 cm. |
||
| 500 | _aTranslation of: Geschichte der Päpste seit dem Ausgang des Mittelalters. | ||
| 504 | _aIncludes bibliographical references and index. | ||
| 600 | 0 | 0 |
_aClement _cPope, _dapproximately 1260-1314. _994975 |
| 600 | 0 | 0 |
_aInnocent _cPope, _d-1362. _994976 |
| 600 | 0 | 0 |
_aGregory _cPope, _d1329-1378. _994977 |
| 600 | 0 | 0 |
_aUrban _cPope, _d1318-1389. _994978 |
| 600 | 0 | 0 |
_aBoniface _cPope, _dapproximately 1355-1404. _994979 |
| 600 | 0 | 0 |
_aInnocent _cPope, _d1336-1406. _994980 |
| 600 | 0 | 0 |
_aMartin _cPope, _d1368-1431. _994981 |
| 600 | 0 | 0 |
_aEugene _cPope, _d1383-1447. _994982 |
| 650 | 0 |
_aPapacy _xHistory _y14th century. _994966 |
|
| 650 | 0 |
_aChurch history _y14th century. _994967 |
|
| 650 | 0 |
_aPapacy _xHistory _y15th century. _994385 |
|
| 650 | 0 |
_aChurch history _y15th century. _994386 |
|
| 700 | 1 |
_aPastor, Ludwig, _cFreiherr von, _d1854-1928. _tGeschichte der Päpste seit dem Ausgang des Mittelalters. _lEnglish. _994968 |
|
| 700 | 1 |
_aE. F. Peeler. _994969 |
|
| 942 |
_2ddc _cBK |
||
| 999 |
_c31217 _d31217 |
||